Pakistan perspectives

Detalles Bibliográficos
Autor Corporativo: University of Karachi. Pakistan Study Centre
Formato: Electrónico Revista
Lenguaje:inglés
Publicado: Karachi : Pakistan Study Centre, University of Karachi, 1996-
Materias:
Acceso en línea:Full text available from Research Library: 07/01/2009 to present

MARC

LEADER 00000nas a2200000 a 4500
001 ssj0000513644
003 WaSeSS
005 20200512172242.0
006 m d
007 cr n
008 980202c19969999pk fr p s 0 0eng c
010 |a  97930548  
025 |a Pk-Eng-97-930548 
035 |a (WaSeSS)ssj0000513644 
040 |a GZM  |b eng  |c GZM  |d DLC  |d EYM  |d SYS  |d OCLCQ  |d OCLCF  |d OCLCO  |d OCLCA  |d WaSeSS 
042 |a pcc 
043 |a a-pk--- 
050 0 0 |a HN690.5  |b .A56 
245 0 0 |a Pakistan perspectives  |h [electronic resource]. 
260 |a Karachi :  |b Pakistan Study Centre, University of Karachi,  |c 1996- 
310 |a Semiannual 
362 0 |a Vol. 1, no. 1- 
506 |a License restrictions may limit access. 
650 0 |a Social sciences  |z Pakistan  |v Periodicals. 
650 0 |a Humanities  |z Pakistan  |v Periodicals. 
650 7 |a Humanities.  |2 fast  |0 (OCoLC)fst00963588 
650 7 |a Social sciences.  |2 fast  |0 (OCoLC)fst01122877 
651 7 |a Pakistan.  |2 fast  |0 (OCoLC)fst01210275 
655 0 |a Electronic journals. 
710 2 |a University of Karachi.  |b Pakistan Study Centre. 
850 |a DLC  |a MiU 
853 0 0 |8 1  |a v.  |b no.  |i (year) 
856 4 0 |z Full text available from Research Library: 07/01/2009 to present  |u https://search.proquest.com/publication/616532 
863 4 1 |8 1  |a <1>  |b <1>  |i <1996>  |x provisional